000 00738pam a2200229 a 4500
001 4835663
005 20250127190539.0
008 900621s1991 ilua b 001 0 eng
020 _a0256080232 (hardcover)
050 0 0 _aKF1600
_b.B43 1991
082 0 0 _a343.73/08
_a347.3038
_220
100 1 _aBlackburn, John D.
245 1 4 _aThe legal environment of business /
_cJohn D. Blackburn, Elliot I. Klayman, Martin H. Malin.
250 _a4th ed.
260 _aHomewood, IL :
_bIrwin,
_cc1991.
300 _axviii, 780 p. :
_bill. ;
_c24 cm.
650 0 _aIndustrial laws and legislation
_zUnited States.
650 0 _aTrade regulation
_zUnited States.
700 1 _aKlayman, Elliot I.
700 1 _aMalin, Martin H.
942 _2lcc
_cBK
_n0
999 _c3113
_d3113